[Event "Chigorin Memorial"]
[Site "St Petersburg"]
[Date "2015.10.04"]
[Round "2.26"]
[White "Balaian, Alina"]
[Black "Iljiushenok, Ilia"]
[Result "0-1"]
[WhiteElo "2269"]
[BlackElo "2491"]
[PlyCount "74"]
[EventDate "2015.10.03"]
[EventRounds "9"]
[EventCountry "RUS"]

1. e4 c5 2. Nf3 Nc6 3. d4 cxd4 4. Nxd4 Qb6 5. Nb3 Nf6 6. Nc3 e6 7. Be3 Qc7 8.
Bd3 a6 9. f4 d6 10. a4 b6 11. g4 Be7 12. g5 Nd7 13. Qh5 Nc5 14. Nd4 Nb4 15. O-O
g6 16. Qe2 Bb7 17. f5 e5 18. f6 exd4 19. Bxd4 Nbxd3 20. cxd3 Bd8 21. Nd5 Qd7
22. Rae1 h6 23. Be3 hxg5 24. Bxg5 Kf8 25. Ne7 Qh3 26. d4 Nd3 27. Rf3 Qh5 28.
Qxd3 Qxg5+ 29. Rg3 Qh4 30. Qc2 Bxe7 31. fxe7+ Qxe7 32. e5 Rc8 33. Qf2 Qe6 34.
Qf4 Qd5 35. Re2 Qh1+ 36. Kf2 Rxh2+ 37. Ke3 Qc1+ 0-1

[Event "Chigorin Memorial"]
[Site "St Petersburg"]
[Date "2015.10.04"]
[Round "2.27"]
[White "Chekhov, Sergei"]
[Black "Bekhovskiy, Mikhail"]
[Result "1-0"]
[WhiteElo "2488"]
[BlackElo "2264"]
[PlyCount "207"]
[EventDate "2015.10.03"]
[EventRounds "9"]
[EventCountry "RUS"]

1. e4 e5 2. Nf3 Nc6 3. Bb5 Nf6 4. d3 Bc5 5. c3 d6 6. d4 exd4 7. cxd4 Bb4+ 8.
Bd2 Bxd2+ 9. Nbxd2 Bd7 10. O-O O-O 11. Re1 a6 12. Bf1 Bg4 13. Qb3 Rb8 14. d5
Ne7 15. h3 Bd7 16. Rac1 c6 17. dxc6 Nxc6 18. Qd1 Ne5 19. Nc4 Nxc4 20. Bxc4 Bc6
21. Bxa6 Qb6 22. Bc4 Nxe4 23. Qd4 Qxd4 24. Nxd4 Rfe8 25. Bb5 Nf6 26. Nxc6 Rxe1+
27. Rxe1 bxc6 28. Bxc6 Rxb2 29. Ra1 Rb6 30. Rc1 Kf8 31. a4 Ke7 32. Bb5 Kd8 33.
Kf1 Ne4 34. Ke2 Nc5 35. Ke3 Rb7 36. f4 Re7+ 37. Kf3 Ra7 38. g4 Ra5 39. Rc4 Ne6
40. Ke3 Nc7 41. Bc6 d5 42. Rb4 Ke7 43. Rb6 Rc5 44. Kd3 h5 45. gxh5 d4 46. Kxd4
Rxh5 47. Rb7 Kd6 48. Bg2 Ra5 49. Rb6+ Ke7 50. Rb4 Ne6+ 51. Ke3 Kd6 52. Bf1 Nc7
53. Rd4+ Kc5 54. Rc4+ Kd6 55. Bg2 Ne6 56. Bf3 f6 57. h4 Nc5 58. Rd4+ Kc7 59.
Bd1 Nb7 60. Rc4+ Kd8 61. Kd2 Nd6 62. Rd4 Kc7 63. Kc3 Nf5 64. Rc4+ Kb6 65. Rb4+
Kc7 66. Rc4+ Kb6 67. Re4 Nxh4 68. Kb4 Rd5 69. a5+ Kc7 70. Bb3 Rd6 71. Re7+ Kb8
72. Re8+ Ka7 73. Bc2 Rd7 74. Be4 Ka6 75. Ra8+ Ra7 76. Rh8 Rd7 77. Ra8+ Ra7 78.
Bd3+ Kb7 79. Rh8 g5 80. Kb5 Kc7 81. Rh7+ Kb8 82. Rh8+ Kc7 83. Be4 f5 84. Rh7+
Kb8 85. Rh8+ Kc7 86. Bd5 Ng6 87. Rh7+ Kb8 88. Rxa7 Kxa7 89. fxg5 Nh4 90. Bf7 f4
91. g6 Nf5 92. Bc4 f3 93. Kb4 f2 94. Kc3 Ne3 95. Be2 Nf5 96. Kd2 Kb7 97. Bd3
Kc7 98. Ke2 Ne7 99. Kxf2 Kd7 100. g7 Kc6 101. Kf3 Kc5 102. Kg4 Kd6 103. Kg5 Kd7
104. Bc4 1-0

[Event "Chigorin Memorial"]
[Site "St Petersburg"]
[Date "2015.10.04"]
[Round "2.28"]
[White "Muromtsev, Arthur"]
[Black "Paravyan, David"]
[Result "0-1"]
[WhiteElo "2265"]
[BlackElo "2486"]
[PlyCount "38"]
[EventDate "2015.10.03"]
[EventRounds "9"]
[EventCountry "RUS"]

1. e4 e6 2. d4 d5 3. Nc3 Bb4 4. Nge2 Ne7 5. a3 Ba5 6. e5 O-O 7. b4 Bb6 8. Ng3
Nec6 9. Nce2 f6 10. f4 fxe5 11. fxe5 Qh4 12. Bb2 Bd7 13. Qd2 a5 14. b5 Ne7 15.
Ng1 Rxf1+ 16. Kxf1 Bxb5+ 17. Kf2 Nbc6 18. Nf3 Rf8 19. Rhe1 Nxd4 0-1

[Event "Chigorin Memorial"]
[Site "St Petersburg"]
[Date "2015.10.04"]
[Round "2.29"]
[White "Ageichenko, Genadi A"]
[Black "Atabayev, Maksat"]
[Result "0-1"]
[WhiteElo "2257"]
[BlackElo "2483"]
[PlyCount "84"]
[EventDate "2015.10.03"]
[EventRounds "9"]
[EventCountry "RUS"]

1. Nf3 Nf6 2. c4 c5 3. Nc3 Nc6 4. g3 d6 5. Bg2 g6 6. O-O Bg7 7. d4 cxd4 8. Nxd4
Bd7 9. b3 O-O 10. Bb2 Qa5 11. Nxc6 Bxc6 12. Rb1 Rfc8 13. e4 a6 14. a4 Rab8 15.
b4 Qd8 16. b5 Bd7 17. Qb3 Be6 18. Nd5 Nd7 19. Ba3 axb5 20. Qxb5 b6 21. Rfc1 Nc5
22. Bxc5 bxc5 23. Nb6 Rc7 24. a5 Ra7 25. e5 Bxe5 26. Bc6 Qc7 27. a6 Rxa6 28.
Qxa6 Qxc6 29. Qa7 Re8 30. Qa4 Qxa4 31. Nxa4 Ra8 32. Nb6 Ra2 33. Nd5 Bxd5 34.
cxd5 Bd4 35. Rf1 c4 36. Rb4 Rc2 37. Kg2 f5 38. Rb7 Kf7 39. Rc7 c3 40. Re1 Rxf2+
41. Kg1 Rd2+ 42. Kh1 Bf6 0-1

[Event "Chigorin Memorial"]
[Site "St Petersburg"]
[Date "2015.10.04"]
[Round "2.30"]
[White "Soffer, Ram"]
[Black "Shapiro, David"]
[Result "1-0"]
[WhiteElo "2479"]
[BlackElo "2255"]
[PlyCount "67"]
[EventDate "2015.10.03"]
[EventRounds "9"]
[EventCountry "RUS"]

1. c4 c6 2. d4 d5 3. cxd5 cxd5 4. Bf4 Nc6 5. e3 Nf6 6. Nc3 a6 7. Be2 Bf5 8. Nf3
e6 9. Qb3 Bd6 10. Bxd6 Qxd6 11. Qxb7 O-O 12. Qb3 Rfb8 13. Qa3 Qxa3 14. bxa3 Ne4
15. Rc1 Na5 16. Na4 Rc8 17. O-O h6 18. Ne5 Nd2 19. Nb6 Rxc1 20. Rxc1 Ra7 21. g4
Be4 22. Rc8+ Kh7 23. Nbd7 g5 24. Nf6+ Kg7 25. Nh5+ Kh7 26. Nd7 Rxd7 27. Nf6+
Kg7 28. Nxd7 Nac4 29. Ne5 f5 30. Rc7+ Kf8 31. gxf5 exf5 32. Nd7+ Ke7 33. Nc5+
Kd6 34. Rh7 1-0

[Event "Chigorin Memorial"]
[Site "St Petersburg"]
[Date "2015.10.04"]
[Round "2.31"]
[White "Miroshnichenko, Pavel"]
[Black "Matinian, Nikita"]
[Result "0-1"]
[WhiteElo "2255"]
[BlackElo "2473"]
[PlyCount "64"]
[EventDate "2015.10.03"]
[EventRounds "9"]
[EventCountry "RUS"]

1. e4 d6 2. d4 g6 3. Nf3 Bg7 4. Bc4 Nf6 5. Qe2 O-O 6. Nc3 c6 7. Bb3 Nbd7 8. e5
dxe5 9. dxe5 Nd5 10. Bd2 Nc5 11. Ne4 Nxb3 12. axb3 Bg4 13. c4 Nc7 14. Neg5 f6
15. h3 Bf5 16. Ne4 fxe5 17. g4 Bxe4 18. Qxe4 Ne6 19. Ba5 Nc5 20. Qe3 Qd3 21.
Nd2 b6 22. Bc3 Rad8 23. Rh2 Qc2 24. Kf1 e4 25. Bxg7 Kxg7 26. f4 Rd3 27. Qe1 e3
28. Nf3 Qxb3 29. Re2 Rxf4 30. Kg2 Qxc4 31. Rxe3 Rxe3 32. Qxe3 Re4 0-1

[Event "Chigorin Memorial"]
[Site "St Petersburg"]
[Date "2015.10.04"]
[Round "2.32"]
[White "Lugovskoy, Maxim"]
[Black "Volkov, Anton"]
[Result "1-0"]
[WhiteElo "2470"]
[BlackElo "2255"]
[PlyCount "119"]
[EventDate "2015.10.03"]
[EventRounds "9"]
[EventCountry "RUS"]

1. e4 c6 2. d4 d5 3. Nc3 dxe4 4. Nxe4 Nd7 5. Nf3 Ngf6 6. Ng3 e6 7. Bd3 Bd6 8.
O-O Qc7 9. c4 O-O 10. b3 b6 11. Bb2 Bb7 12. Qe2 c5 13. dxc5 Qxc5 14. Rad1 Bxf3
15. Qxf3 Ne5 16. Qe2 Nxd3 17. Rxd3 Be7 18. Bd4 Qa5 19. Rfd1 Rad8 20. h3 Rfe8
21. Bc3 Qa6 22. Bxf6 Bxf6 23. Nh5 Rxd3 24. Rxd3 Qa3 25. Rd7 Bb2 26. Rd2 Bc3 27.
Rd3 Qc1+ 28. Rd1 Qa3 29. Qc2 Be5 30. Qe2 Qc5 31. Rd7 g6 32. b4 Qxb4 33. Qxe5
gxh5 34. Rxa7 Rf8 35. Qg5+ Kh8 36. Qf4 Kg7 37. Kh2 Qc5 38. Rd7 h6 39. Rd3 Kh7
40. Qe4+ Kh8 41. Qf4 Kh7 42. Rb3 f5 43. Rb5 Qc6 44. Qd4 Qc7+ 45. g3 h4 46. Qxh4
f4 47. g4 f3+ 48. Qg3 Qxc4 49. Rb2 b5 50. a3 Rf7 51. Rd2 Qf1 52. Qg1 Qc4 53.
Qb1+ Kg7 54. Qb2+ Kg6 55. Qe5 Qc7 56. Rd6 Rf6 57. Rxe6 Qxe5+ 58. Rxe5 Ra6 59.
Rxb5 Rxa3 60. Kg3 1-0

[Event "Chigorin Memorial"]
[Site "St Petersburg"]
[Date "2015.10.04"]
[Round "2.33"]
[White "Grigorjev, Iljya"]
[Black "Ulko, Jaroslav"]
[Result "0-1"]
[WhiteElo "2254"]
[BlackElo "2467"]
[PlyCount "58"]
[EventDate "2015.10.03"]
[EventRounds "9"]
[EventCountry "RUS"]

1. e4 c5 2. Nf3 Nc6 3. d4 cxd4 4. Nxd4 e6 5. Nc3 a6 6. Nxc6 bxc6 7. Bd3 Qc7 8.
O-O Nf6 9. Qe2 d5 10. e5 Nd7 11. f4 g6 12. Kh1 Bb7 13. b3 c5 14. Na4 Nb6 15.
Nxb6 Qxb6 16. c4 d4 17. Be4 Be7 18. Rf3 O-O 19. g4 Rad8 20. g5 d3 21. Rxd3 Rxd3
22. Qxd3 Rd8 23. Qf3 Bxe4 24. Qxe4 Rd1+ 25. Kg2 Qb4 26. Qe3 Qb7+ 27. Kg3 Qh1
28. a3 Rg1+ 29. Kh3 Qg2+ 0-1

[Event "Chigorin Memorial"]
[Site "St Petersburg"]
[Date "2015.10.04"]
[Round "2.34"]
[White "Bodnaruk, Anastasia"]
[Black "Selivanov, Ivan"]
[Result "1-0"]
[WhiteElo "2459"]
[BlackElo "2254"]
[PlyCount "43"]
[EventDate "2015.10.03"]
[EventRounds "9"]
[EventCountry "RUS"]

1. e4 c5 2. Nf3 a6 3. Nc3 b5 4. d4 cxd4 5. Nxd4 Bb7 6. Bd3 g6 7. O-O Bg7 8. Be3
Nc6 9. Nxc6 Bxc6 10. a4 b4 11. Nd5 Bxd5 12. exd5 Bxb2 13. Rb1 Bc3 14. d6 f5 15.
dxe7 Nxe7 16. Bc5 Qa5 17. Bd6 Nc6 18. Bc4 O-O-O 19. Qd3 Rde8 20. Rfd1 Nd4 21.
Bxa6+ Kd8 22. Qxc3 1-0

[Event "Chigorin Memorial"]
[Site "St Petersburg"]
[Date "2015.10.04"]
[Round "2.35"]
[White "Saveliev, Alexei"]
[Black "Andersen, Mads"]
[Result "1-0"]
[WhiteElo "2253"]
[BlackElo "2457"]
[PlyCount "91"]
[EventDate "2015.10.03"]
[EventRounds "9"]
[EventCountry "RUS"]

1. e4 g6 2. d4 Bg7 3. h4 h6 4. Nc3 d6 5. Be3 c6 6. Qd2 b5 7. O-O-O Nd7 8. h5 g5
9. f4 gxf4 10. Bxf4 Nb6 11. Nf3 Nf6 12. Bd3 b4 13. Ne2 a5 14. Ng3 Bg4 15. Rde1
Kf8 16. Nh4 e6 17. Ref1 Kg8 18. Kb1 c5 19. e5 Nfd5 20. Qf2 Qd7 21. Ne4 Bxh5 22.
Qg3 Qd8 23. Nxd6 Nxf4 24. Qxf4 Qg5 25. Qf2 Rf8 26. Ne4 Qg4 27. Rh3 Bg6 28. Nxg6
fxg6 29. Nf6+ Bxf6 30. Rg3 Bg7 31. Rxg4 Rxf2 32. Rxf2 g5 33. dxc5 Nd5 34. c6
Bxe5 35. Re4 Bf4 36. Rxe6 Kf7 37. Rd6 Ne3 38. g3 Ng4 39. Rd7+ Kf6 40. Rf1 Nh2
41. gxf4 Nxf1 42. fxg5+ hxg5 43. Bxf1 g4 44. c7 g3 45. Rd8 Rh1 46. Rf8+ 1-0

[Event "Chigorin Memorial"]
[Site "St Petersburg"]
[Date "2015.10.04"]
[Round "2.36"]
[White "Ibadov, Dashgyn"]
[Black "Franco Alonso, Alejandro"]
[Result "1-0"]
[WhiteElo "2246"]
[BlackElo "2450"]
[PlyCount "84"]
[EventDate "2015.10.03"]
[EventRounds "9"]
[EventCountry "RUS"]

1. e4 c5 2. Nf3 e6 3. d4 cxd4 4. Nxd4 Nc6 5. Nc3 d6 6. Be3 Nf6 7. h3 a6 8. g4
d5 9. g5 Nxe4 10. Nxe4 dxe4 11. Nxc6 Qxd1+ 12. Rxd1 bxc6 13. Bg2 Bb7 14. Bxe4
Bb4+ 15. c3 Be7 16. O-O Rd8 17. Rxd8+ Kxd8 18. Rd1+ Kc8 19. h4 g6 20. c4 f5 21.
Bg2 e5 22. f4 exf4 23. Bxf4 Bc5+ 24. Kf1 Re8 25. Bf3 Bb6 26. b4 Bc7 27. Bxc7
Kxc7 28. Kf2 a5 29. a3 axb4 30. axb4 Ba6 31. c5 Re6 32. Ra1 Bb7 33. Re1 Rxe1
34. Kxe1 Ba6 35. Kd2 Kd7 36. Ke3 Bb5 37. Kd4 Ke6 38. Bd1 Kf7 39. Ke5 Ke7 40. h5
Kf8 41. hxg6 hxg6 42. Kf6 Bd3 1-0

[Event "Chigorin Memorial"]
[Site "St Petersburg"]
[Date "2015.10.04"]
[Round "2.37"]
[White "Usmanov, Vasily"]
[Black "Petrov, Dmitri"]
[Result "1/2-1/2"]
[WhiteElo "2450"]
[BlackElo "2245"]
[PlyCount "51"]
[EventDate "2015.10.03"]
[EventRounds "9"]
[EventCountry "RUS"]

1. Nf3 d5 2. c4 d4 3. b4 f6 4. e3 e5 5. exd4 exd4 6. Qa4+ Bd7 7. b5 c5 8. Bd3
Bd6 9. Qc2 Ne7 10. Bxh7 f5 11. Ng5 Bf4 12. h4 g6 13. d3 Bxg5 14. hxg5 Be6 15.
Qe2 Kf7 16. Bf4 Nd7 17. Nd2 Nf8 18. Qe5 Nd7 19. Qe2 Nf8 20. Qe5 Nd7 21. Qe2 Nf8
22. Qe5 Nd7 23. Qe2 Nf8 24. Qe5 Nd7 25. Qe2 Nf8 26. Qe5 1/2-1/2

[Event "Chigorin Memorial"]
[Site "St Petersburg"]
[Date "2015.10.04"]
[Round "2.38"]
[White "Vaseptsov, Maxim"]
[Black "Kalegin, Evgenij"]
[Result "0-1"]
[WhiteElo "2241"]
[BlackElo "2444"]
[PlyCount "86"]
[EventDate "2015.10.03"]
[EventRounds "9"]
[EventCountry "RUS"]

1. e4 c5 2. Nf3 e6 3. d4 cxd4 4. Nxd4 a6 5. Bd3 Bc5 6. Nb3 Be7 7. Be3 Nf6 8.
N1d2 d6 9. f4 Nc6 10. Qe2 Nb4 11. O-O O-O 12. Kh1 Nxd3 13. cxd3 b5 14. Nd4 Bb7
15. g4 g6 16. Rg1 e5 17. N4f3 d5 18. Nxe5 dxe4 19. d4 Nd5 20. g5 f6 21. gxf6
Bxf6 22. Raf1 Rc8 23. Rg2 Bg7 24. f5 Nxe3 25. Qxe3 Bxe5 26. dxe5 Qd3 27. Qxd3
exd3 28. f6 Bxg2+ 29. Kxg2 Rc2 30. Rf2 Kf7 31. Kf3 Ke6 32. Ke4 Rxb2 33. a3 Ra2
34. Ke3 Rxd2 35. Rxd2 Kxe5 36. Rxd3 Rxf6 37. Rd7 Rc6 38. Re7+ Kf6 39. Rxh7 Rc3+
40. Kd4 Rxa3 41. h4 a5 42. h5 gxh5 43. Rxh5 Rb3 0-1

[Event "Chigorin Memorial"]
[Site "St Petersburg"]
[Date "2015.10.04"]
[Round "2.39"]
[White "Baghdasaryan, Vahe"]
[Black "Turikov, Viktor"]
[Result "1-0"]
[WhiteElo "2439"]
[BlackElo "2239"]
[PlyCount "103"]
[EventDate "2015.10.03"]
[EventRounds "9"]
[EventCountry "RUS"]

1. e4 d6 2. d4 Nf6 3. Nc3 c6 4. f4 Qa5 5. Bd3 e5 6. dxe5 dxe5 7. Nf3 Nbd7 8.
O-O Bd6 9. Kh1 Qc7 10. Qe1 O-O 11. f5 b5 12. g4 b4 13. Nd1 c5 14. g5 Nh5 15.
Qh4 g6 16. Ne3 Nb6 17. Nd2 Bb7 18. Be2 Nf4 19. Ng4 f6 20. gxf6 gxf5 21. Nh6+
Kh8 22. Rg1 Rg8 23. Nxg8 Rxg8 24. Rxg8+ Kxg8 25. Bf3 Ng6 26. Qg5 f4 27. h4 Kh8
28. a3 Bc8 29. h5 Nf8 30. axb4 Ne6 31. Qg2 cxb4 32. Nb3 Qf7 33. Bd2 Qxf6 34.
Rxa7 Ng5 35. Be1 h6 36. Bh4 Bb8 37. Ra1 Nc4 38. Ra8 Ne3 39. Bxg5 hxg5 40. Qd2
Qe6 41. Qd8+ Kh7 42. Kg1 Qh3 43. Qe7+ Kh6 44. Qf6+ Kh7 45. Qg6+ Kh8 46. Qh6+
Kg8 47. Qxg5+ Kf7 48. Nd2 Bg4 49. Qg6+ Ke7 50. Qg7+ Kd6 51. Ra6+ Kc5 52. Nb3+
1-0

[Event "Chigorin Memorial"]
[Site "St Petersburg"]
[Date "2015.10.04"]
[Round "2.40"]
[White "Shkalov, Oleg"]
[Black "Malakhov, Igor"]
[Result "1/2-1/2"]
[WhiteElo "2239"]
[BlackElo "2438"]
[PlyCount "97"]
[EventDate "2015.10.03"]
[EventRounds "9"]
[EventCountry "RUS"]

1. d4 d5 2. c4 e6 3. Nc3 Nf6 4. cxd5 exd5 5. Bg5 Be7 6. e3 c6 7. Bd3 O-O 8.
Nge2 Nbd7 9. Qc2 Re8 10. O-O h6 11. Bh4 Ne4 12. Bxe7 Qxe7 13. Bxe4 dxe4 14. d5
Nb6 15. Rfd1 cxd5 16. a4 Be6 17. a5 Nd7 18. Nxd5 Bxd5 19. Rxd5 Rac8 20. Nc3 Nf6
21. Rd4 Red8 22. Qd2 Rxd4 23. Qxd4 a6 24. Rd1 Qc5 25. Qxc5 Rxc5 26. Ra1 Nd5 27.
Nxe4 Rc4 28. Nc3 Nxc3 29. bxc3 Rxc3 30. Rb1 Rc5 31. Kf1 Rxa5 32. Rxb7 g5 33. g4
Kg7 34. Rb6 Ra1+ 35. Kg2 a5 36. Ra6 a4 37. f4 a3 38. h4 gxh4 39. e4 Ra2+ 40.
Kh3 Ra1 41. e5 a2 42. Kg2 Kh7 43. Kh2 h3 44. f5 Kg7 45. Ra8 h5 46. g5 Re1 47.
Rxa2 Rxe5 48. g6 Rxf5 49. gxf7 1/2-1/2

[Event "Chigorin Memorial"]
[Site "St Petersburg"]
[Date "2015.10.04"]
[Round "2.41"]
[White "Abdusattorov, Nodirbek"]
[Black "Dimitrova, Aleksandra"]
[Result "1-0"]
[WhiteElo "2432"]
[BlackElo "2235"]
[PlyCount "85"]
[EventDate "2015.10.03"]
[EventRounds "9"]
[EventCountry "RUS"]

1. e4 c5 2. Nf3 e6 3. d4 cxd4 4. Nxd4 Nf6 5. Nc3 Nc6 6. Ndb5 Bb4 7. a3 Bxc3+ 8.
Nxc3 d5 9. exd5 exd5 10. Bd3 O-O 11. O-O d4 12. Ne2 Bg4 13. f3 Bh5 14. Bg5 Qd6
15. Qd2 Nd5 16. Be4 f6 17. c4 Nde7 18. Be3 Rfd8 19. Rfd1 Qc5 20. Nxd4 Qxc4 21.
Rac1 Qf7 22. Qf2 Bg6 23. Nxc6 Nxc6 24. Rxd8+ Rxd8 25. Bxc6 bxc6 26. Bxa7 Qd5
27. h3 Bf7 28. Qb6 Rc8 29. a4 Qd2 30. Ra1 Bd5 31. a5 Re8 32. a6 h5 33. Qd4 Qc2
34. Qc3 Qg6 35. Bf2 c5 36. a7 c4 37. Ra5 Qb1+ 38. Kh2 Qf1 39. Rxd5 Qxf2 40.
Qxc4 Kh7 41. Rxh5+ Kg6 42. Qg4+ Kf7 43. Qd7+ 1-0

[Event "Chigorin Memorial"]
[Site "St Petersburg"]
[Date "2015.10.04"]
[Round "2.42"]
[White "Royset, Pal"]
[Black "Ushenina, Anna"]
[Result "0-1"]
[WhiteElo "2234"]
[BlackElo "2426"]
[PlyCount "134"]
[EventDate "2015.10.03"]
[EventRounds "9"]
[EventCountry "RUS"]

1. e4 c5 2. c3 d5 3. exd5 Qxd5 4. d4 Nc6 5. Nf3 Bf5 6. Be3 Nf6 7. Nbd2 cxd4 8.
Nxd4 Nxd4 9. Bxd4 e5 10. Qe2 Bd6 11. Qb5+ Bd7 12. Qxd5 Nxd5 13. Be3 Nxe3 14.
fxe3 Bc5 15. e4 b5 16. Bd3 Ke7 17. Ke2 Rhd8 18. Rhd1 a5 19. h3 f6 20. Nf1 b4
21. Ne3 Bxe3 22. Kxe3 bxc3 23. bxc3 Rdc8 24. c4 Be6 25. Rdc1 Rab8 26. Rc2 Kd6
27. Rac1 Kc5 28. Rc3 a4 29. a3 Rb2 30. R1c2 Rb6 31. Rc1 Rcb8 32. Bc2 Bd7 33.
Rd1 Bc6 34. g3 Rb2 35. h4 R2b7 36. Rf1 Rd8 37. Rb1 Rxb1 38. Bxb1 Rd1 39. Bc2
Rg1 40. Kf2 Rc1 41. Ke3 Be8 42. Kd2 Rg1 43. Rd3 Kxc4 44. Rd8 Rg2+ 45. Kc1 Bc6
46. Rc8 Kb5 47. Bxa4+ Kxa4 48. Rxc6 Kxa3 49. Rb6 h5 50. Rb7 Rxg3 51. Kd2 Ka4
52. Ke2 Ka5 53. Kf2 Rg4 54. Ke3 Ka6 55. Rd7 Kb6 56. Kf3 Kc6 57. Ra7 Kd6 58. Rf7
Ke6 59. Ra7 g6 60. Ra6+ Kf7 61. Ra7+ Kg8 62. Ra8+ Kg7 63. Ra7+ Kh6 64. Rf7 Rxh4
65. Rxf6 Rf4+ 66. Rxf4 exf4 67. Kxf4 Kg7 0-1

[Event "Chigorin Memorial"]
[Site "St Petersburg"]
[Date "2015.10.04"]
[Round "2.43"]
[White "Tunik, Gennady"]
[Black "Kuzmin, Egor"]
[Result "1-0"]
[WhiteElo "2420"]
[BlackElo "2232"]
[PlyCount "111"]
[EventDate "2015.10.03"]
[EventRounds "9"]
[EventCountry "RUS"]

1. d4 g6 2. e4 Bg7 3. Nf3 d6 4. h3 Nf6 5. Nc3 c6 6. a4 O-O 7. Be3 Qc7 8. Qd2
Re8 9. Rd1 Nbd7 10. Bc4 a6 11. O-O b5 12. Bd3 Bb7 13. Bh6 Bh8 14. Rfe1 e5 15.
dxe5 dxe5 16. Qe3 Nh5 17. Ne2 Nb6 18. b3 Rad8 19. a5 Nd7 20. b4 c5 21. c4 Bc6
22. cxb5 axb5 23. bxc5 Qxa5 24. Qc1 b4 25. Be3 Rc8 26. Bc4 Bb5 27. Bb3 Nxc5 28.
Bxc5 Bxe2 29. Rd7 Qxc5 30. Bxf7+ Kf8 31. Qxc5+ Rxc5 32. Bxe8 Bxf3 33. Rxh7 Bg7
34. Bxg6 Nf4 35. Bf5 Bxg2 36. Ra1 Rc7 37. Ra8+ Kf7 38. Rb8 Bf3 39. Kh2 Nh5 40.
Rxb4 Nf6 41. Rh4 Bf8 42. Rb3 Bd1 43. Rb2 Kg7 44. f4 exf4 45. e5 Nd5 46. Rh7+
Kg8 47. Rxc7 Nxc7 48. Rb7 Na6 49. e6 Bc5 50. e7 Bh5 51. Bd3 Be8 52. Bxa6 f3 53.
Bb5 f2 54. Kg2 Kf7 55. Bxe8+ Kxe8 56. Rb5 1-0

[Event "Chigorin Memorial"]
[Site "St Petersburg"]
[Date "2015.10.04"]
[Round "2.44"]
[White "Orlov, Konstantin"]
[Black "Smirnov, Artem"]
[Result "0-1"]
[WhiteElo "2222"]
[BlackElo "2419"]
[PlyCount "44"]
[EventDate "2015.10.03"]
[EventRounds "9"]
[EventCountry "RUS"]

1. d4 Nf6 2. c4 e6 3. g3 Bb4+ 4. Bd2 a5 5. Bg2 d6 6. Nf3 Nbd7 7. O-O e5 8. Nc3
exd4 9. Nxd4 O-O 10. Nd5 Bc5 11. Bc3 Re8 12. Qc2 Ne5 13. b3 c6 14. Nxf6+ Qxf6
15. Rad1 Qg6 16. e4 Qh5 17. Nf5 Bxf5 18. exf5 Ng4 19. h3 Nxf2 20. Rxf2 Re2 21.
Rd2 Bxf2+ 22. Kh2 Bxg3+ 0-1

[Event "Chigorin Memorial"]
[Site "St Petersburg"]
[Date "2015.10.04"]
[Round "2.45"]
[White "Arslanov, Shamil"]
[Black "Abramov, Nikita"]
[Result "1-0"]
[WhiteElo "2416"]
[BlackElo "2222"]
[PlyCount "103"]
[EventDate "2015.10.03"]
[EventRounds "9"]
[EventCountry "RUS"]

1. d4 Nf6 2. c4 e6 3. Nc3 Bb4 4. e3 b6 5. Nge2 Ba6 6. Ng3 c5 7. d5 exd5 8. cxd5
Bxf1 9. Kxf1 O-O 10. e4 Re8 11. f3 d6 12. Bf4 g6 13. Nb5 c4 14. Bg5 Nbd7 15.
Nd4 Bc5 16. Nc6 Qc8 17. Qa4 h5 18. Qxc4 Nh7 19. Bh6 b5 20. Qc3 f6 21. b4 Bb6
22. h4 Ne5 23. Rc1 Qd7 24. Bf4 Nc4 25. a4 a6 26. a5 Bd8 27. Kf2 Be7 28. Qd3 Bf8
29. Nf1 Ne5 30. Nxe5 dxe5 31. Bd2 Rec8 32. Ne3 Be7 33. g4 Rxc1 34. Rxc1 hxg4
35. Nxg4 Kg7 36. Rc6 Bd6 37. Qe3 Qe7 38. Qh6+ Kh8 39. Qxg6 Rg8 40. Qh6 Bxb4 41.
Bxb4 Qxb4 42. Rc7 Qd4+ 43. Ke2 Qb2+ 44. Kf1 Qb1+ 45. Kf2 Qb2+ 46. Kg3 Rxg4+ 47.
Kxg4 Qg2+ 48. Kf5 Qh3+ 49. Kg6 Qg2+ 50. Qg5 Nf8+ 51. Kxf6 Nh7+ 52. Rxh7+ 1-0

[Event "Chigorin Memorial"]
[Site "St Petersburg"]
[Date "2015.10.04"]
[Round "2.46"]
[White "Schetchikov, Vladimir"]
[Black "Sarana, Alexey"]
[Result "0-1"]
[WhiteElo "2222"]
[BlackElo "2413"]
[PlyCount "82"]
[EventDate "2015.10.03"]
[EventRounds "9"]
[EventCountry "RUS"]

1. Nf3 Nf6 2. g3 g6 3. Bg2 Bg7 4. O-O d5 5. d4 c6 6. c3 O-O 7. Nbd2 Bf5 8. Re1
Nbd7 9. Ng5 e5 10. dxe5 Nxe5 11. Ndf3 Nxf3+ 12. Nxf3 Re8 13. Nd4 Bd7 14. Bg5
Qb6 15. Qb3 Ne4 16. Qxb6 axb6 17. Be3 Nd6 18. a4 Nc4 19. Bc1 b5 20. b3 Ne5 21.
Bf4 bxa4 22. Bxe5 Bxe5 23. bxa4 Ra7 24. e4 dxe4 25. Rxe4 Bf6 26. Rxe8+ Bxe8 27.
Bf1 Bd7 28. Bc4 b5 29. Bd3 bxa4 30. Ra3 Be7 31. Ra2 a3 32. Bc4 Rb7 33. Kf1 Rb2
34. Ke1 Bc5 35. Kd1 Rxa2 36. Bxa2 Bxd4 37. cxd4 Be6 38. Bxe6 fxe6 39. Kc2 Kf7
40. Kb3 Kf6 41. Kxa3 e5 0-1

[Event "Chigorin Memorial"]
[Site "St Petersburg"]
[Date "2015.10.04"]
[Round "2.47"]
[White "Guseva, Marina"]
[Black "Gogin, Maksim"]
[Result "1/2-1/2"]
[WhiteElo "2411"]
[BlackElo "2220"]
[PlyCount "159"]
[EventDate "2015.10.03"]
[EventRounds "9"]
[EventCountry "RUS"]

1. d4 Nf6 2. c4 c5 3. d5 b5 4. cxb5 a6 5. e3 axb5 6. Bxb5 Qa5+ 7. Nc3 Bb7 8.
Bd2 Qb6 9. a4 Nxd5 10. Nxd5 Bxd5 11. Nf3 e6 12. Bc3 Qb7 13. O-O Be7 14. Re1 O-O
15. Nd2 Bc6 16. Bf1 d5 17. Qg4 g6 18. Nf3 Nd7 19. Qf4 f6 20. Qg4 e5 21. e4 Rf7
22. exd5 Bxd5 23. a5 Nf8 24. a6 Qb6 25. Red1 Bb3 26. Qe4 Ra7 27. Rdc1 Qe6 28.
Nd2 Bd5 29. Qe3 Ra8 30. Ra4 Qc6 31. Rca1 Ne6 32. Bc4 Bf8 33. Bxd5 Qxd5 34. Nc4
Raa7 35. f3 Nc7 36. Qe2 Qe6 37. Ne3 Bh6 38. Ng4 Bf8 39. Bd2 c4 40. Qxc4 Rxa6
41. Nxf6+ Rxf6 42. Qxc7 Rc6 43. Qa5 Rc5 44. Qa6 Qxa6 45. Rxa6 Rxa6 46. Rxa6 Rc2
47. Bc3 Bc5+ 48. Kf1 Bd4 49. Bxd4 exd4 50. Rd6 Rxb2 51. Rxd4 h5 52. Rd7 h4 53.
h3 Rb1+ 54. Kf2 Rb2+ 55. Kg1 Rb1+ 56. Kh2 Rb4 57. Re7 Rb5 58. Re4 Rh5 59. Kg1
Kg7 60. Kf2 Kf6 61. Rf4+ Kg5 62. Rg4+ Kf6 63. f4 Kf5 64. Kf3 Kf6 65. Ke4 Rh7
66. Rg5 Rc7 67. Kf3 Rc2 68. Rg4 Kf5 69. Rxh4 Rc3+ 70. Kf2 Rc2+ 71. Kg3 Rc3+ 72.
Kh2 Rc4 73. g3 Rc2+ 74. Kg1 Ke4 75. f5+ Kf3 76. Rf4+ Kxg3 77. Rg4+ Kxh3 78.
Rxg6 Rc5 79. f6 Rf5 80. f7 1/2-1/2

[Event "Chigorin Memorial"]
[Site "St Petersburg"]
[Date "2015.10.04"]
[Round "2.48"]
[White "Mesnyankin, Nikita"]
[Black "Kozionov, Kirill"]
[Result "0-1"]
[WhiteElo "2218"]
[BlackElo "2409"]
[PlyCount "68"]
[EventDate "2015.10.03"]
[EventRounds "9"]
[EventCountry "RUS"]

1. e4 d5 2. exd5 Qxd5 3. Nf3 Bg4 4. Be2 Nc6 5. d4 O-O-O 6. Be3 e5 7. c4 Qa5+ 8.
Bd2 Bb4 9. d5 Bxf3 10. Bxf3 Bxd2+ 11. Nxd2 Nd4 12. O-O Qb4 13. Nb3 Qxc4 14.
Nxd4 Qxd4 15. Qxd4 exd4 16. Rad1 Nf6 17. Rxd4 Rhe8 18. Rc1 Rd6 19. Rdc4 Re7 20.
Rc5 Kd8 21. Kf1 Red7 22. Rb5 b6 23. Rc6 a6 24. Rxd6 Rxd6 25. Rb4 Nxd5 26. Rc4
b5 27. Rc1 Nb4 28. a3 Nd3 29. Rc2 c5 30. Be2 c4 31. Rd2 Kc7 32. b3 Kc6 33. Rc2
Kd5 34. Rc3 Kd4 0-1

[Event "Chigorin Memorial"]
[Site "St Petersburg"]
[Date "2015.10.04"]
[Round "2.49"]
[White "Eraschenkov, Denis"]
[Black "Urazayev, Arystanbek"]
[Result "1-0"]
[WhiteElo "2402"]
[BlackElo "2217"]
[PlyCount "51"]
[EventDate "2015.10.03"]
[EventRounds "9"]
[EventCountry "RUS"]

1. e4 e5 2. Nf3 Nc6 3. Bb5 a6 4. Ba4 Nf6 5. O-O Be7 6. Re1 b5 7. Bb3 O-O 8. d3
d6 9. a4 Be6 10. Bxe6 fxe6 11. c3 Qd7 12. Nbd2 Nh5 13. d4 Nf4 14. Nf1 Rad8 15.
axb5 axb5 16. d5 Nb8 17. Ra7 exd5 18. Bxf4 Rxf4 19. Qxd5+ Kh8 20. Rb7 Na6 21.
b4 Nb8 22. Ra1 Rc8 23. Ra8 Rff8 24. Rbxb8 Rxb8 25. Rxb8 Rxb8 26. Nxe5 1-0